[Event "DVM U10 2023"]
[Site "Magdeburg GER"]
[Date "2023.12.29"]
[Round "6"]
[White "Horn, Philipp"]
[Black "Bacakova, Johanna"]
[Result "1-0"]
[Termination "normal"]
[Board "10.4"]
[WhiteElo "897"]
[BlackElo "773"]
[WhiteClock "00:40:43"]
[BlackClock "00:08:33"]
[WhiteTeam "SK Weisse Dame Hamburg"]
[BlackTeam "SG Leipzig"]
[PlyCount "103"]
[EventCountry "GER"]
[EventRounds "7"]
[EventType "team-swiss"]
[EventDate "2023.12.27"]

1. e4 {[%clk 00:55:08]} {[%emt 00:00:02]} e5 {[%clk 00:55:01]} {[%emt
00:00:09]} 2. Nf3 {[%clk 00:55:09]} {[%emt 00:00:05]} Nc6 {[%clk 00:54:49]}
{[%emt 00:00:16]} 3. d4 {[%clk 00:55:06]} {[%emt 00:00:07]} exd4 {[%clk
00:54:32]} {[%emt 00:00:22]} 4. Nxd4 {[%clk 00:55:06]} {[%emt 00:00:06]} Nxd4
{[%clk 00:54:02]} {[%emt 00:00:35]} 5. Qxd4 {[%clk 00:55:03]} {[%emt 00:00:07]}
Nf6 {[%clk 00:53:34]} {[%emt 00:00:34]} 6. e5 {[%clk 00:54:58]} {[%emt
00:00:10]} Ng8 {[%clk 00:52:37]} {[%emt 00:01:01]} 7. Bc4 {[%clk 00:54:46]}
{[%emt 00:00:11]} Bb4+ {[%clk 00:50:24]} {[%emt 00:02:25]} 8. Bd2 {[%clk
00:54:32]} {[%emt 00:00:18]} Bxd2+ {[%clk 00:48:25]} {[%emt 00:02:04]} 9. Nxd2
{[%clk 00:54:30]} {[%emt 00:00:07]} Ne7 {[%clk 00:47:53]} {[%emt 00:00:37]} 10.
Qf4 {[%clk 00:53:56]} {[%emt 00:00:35]} O-O {[%clk 00:47:06]} {[%emt 00:00:57]}
11. Bd3 {[%clk 00:53:41]} {[%emt 00:00:18]} d6 {[%clk 00:46:10]} {[%emt
00:01:03]} 12. Qh4 {[%clk 00:53:17]} {[%emt 00:00:25]} h6 {[%clk 00:45:46]}
{[%emt 00:00:32]} 13. Qe4 {[%clk 00:53:17]} {[%emt 00:00:06]} Bf5 {[%clk
00:44:02]} {[%emt 00:01:49]} 14. Qe3 {[%clk 00:52:43]} {[%emt 00:00:33]} Bxd3
{[%clk 00:41:08]} {[%emt 00:03:05]} 15. cxd3 {[%clk 00:52:37]} {[%emt
00:00:10]} Nf5 {[%clk 00:39:34]} {[%emt 00:01:39]} 16. Qe4 {[%clk 00:52:17]}
{[%emt 00:00:25]} Qc8 {[%clk 00:38:09]} {[%emt 00:01:32]} 17. O-O {[%clk
00:52:02]} {[%emt 00:00:17]} Rb8 {[%clk 00:36:52]} {[%emt 00:01:24]} 18. Rfe1
{[%clk 00:51:47]} {[%emt 00:00:19]} Qe6 {[%clk 00:35:00]} {[%emt 00:01:58]} 19.
exd6 {[%clk 00:51:23]} {[%emt 00:00:24]} Qxe4 {[%clk 00:34:29]} {[%emt
00:00:41]} 20. dxe4 {[%clk 00:50:24]} {[%emt 00:00:37]} Nxd6 {[%clk 00:34:14]}
{[%emt 00:00:46]} 21. e5 {[%clk 00:50:00]} {[%emt 00:00:26]} Nf5 {[%clk
00:33:05]} {[%emt 00:01:18]} 22. e6 {[%clk 00:49:55]} {[%emt 00:00:10]} fxe6
{[%clk 00:32:48]} {[%emt 00:00:22]} 23. Rxe6 {[%clk 00:49:52]} {[%emt
00:00:08]} Rbd8 {[%clk 00:31:52]} {[%emt 00:01:01]} 24. Nf3 {[%clk 00:49:14]}
{[%emt 00:00:38]} Rd3 {[%clk 00:31:00]} {[%emt 00:01:01]} 25. Rae1 {[%clk
00:48:54]} {[%emt 00:00:22]} Nd6 {[%clk 00:29:10]} {[%emt 00:01:59]} 26. h3
{[%clk 00:48:41]} {[%emt 00:00:18]} a5 {[%clk 00:27:14]} {[%emt 00:02:02]} 27.
R1e3 {[%clk 00:47:47]} {[%emt 00:00:58]} Rd5 {[%clk 00:25:49]} {[%emt
00:01:30]} 28. R6e5 {[%clk 00:47:32]} {[%emt 00:00:20]} Rxe5 {[%clk 00:24:13]}
{[%emt 00:01:41]} 29. Rxe5 {[%clk 00:47:09]} {[%emt 00:00:09]} b5 {[%clk
00:23:19]} {[%emt 00:01:18]} 30. Re7 {[%emt 00:00:21]} c5 {[%emt 00:00:56]} 31.
Rd7 {[%clk 00:45:39]} {[%emt 00:00:18]} Ne4 {[%clk 00:22:40]} {[%emt 00:00:43]}
32. Rb7 {[%clk 00:44:54]} {[%emt 00:00:51]} b4 {[%clk 00:22:05]} {[%emt
00:00:40]} 33. Ra7 {[%clk 00:44:51]} {[%emt 00:00:08]} a4 {[%clk 00:21:14]}
{[%emt 00:00:56]} 34. Rxa4 {[%clk 00:44:34]} {[%emt 00:00:20]} Rd8 {[%clk
00:19:41]} {[%emt 00:01:39]} 35. a3 {[%clk 00:44:15]} {[%emt 00:00:24]} Rb8
{[%clk 00:17:45]} {[%emt 00:02:01]} 36. axb4 {[%clk 00:43:56]} {[%emt
00:00:25]} cxb4 {[%clk 00:17:20]} {[%emt 00:00:30]} 37. Ne5 {[%clk 00:43:41]}
{[%emt 00:00:19]} Nd6 {[%clk 00:15:38]} {[%emt 00:01:47]} 38. Nc6 {[%clk
00:43:36]} {[%emt 00:00:11]} Rb5 {[%clk 00:14:34]} {[%emt 00:01:09]} 39. Rxb4
{[%clk 00:43:27]} {[%emt 00:00:13]} Rxb4 {[%clk 00:13:43]} {[%emt 00:00:56]}
40. Nxb4 {[%clk 00:43:25]} {[%emt 00:00:08]} Kf8 {[%clk 00:13:21]} {[%emt
00:00:27]} 41. Nd5 {[%clk 00:43:08]} {[%emt 00:00:18]} Ke8 {[%clk 00:12:38]}
{[%emt 00:00:52]} 42. f4 {[%clk 00:43:03]} {[%emt 00:00:10]} Kd7 {[%clk
00:12:27]} {[%emt 00:00:16]} 43. g4 {[%clk 00:42:11]} {[%emt 00:00:11]} Kc6
{[%clk 00:12:29]} {[%emt 00:00:49]} 44. Ne7+ {[%clk 00:41:53]} {[%emt
00:00:22]} Kb5 {[%clk 00:12:03]} {[%emt 00:00:32]} 45. Nf5 {[%clk 00:41:48]}
{[%emt 00:00:09]} Nc4 {[%clk 00:11:32]} {[%emt 00:00:37]} 46. Nxg7 {[%clk
00:41:43]} {[%emt 00:00:10]} Nxb2 {[%clk 00:10:43]} {[%emt 00:00:54]} 47. f5
{[%clk 00:41:42]} {[%emt 00:00:05]} Nd3 {[%clk 00:10:09]} {[%emt 00:00:40]} 48.
h4 {[%clk 00:41:31]} {[%emt 00:00:17]} Ne5 {[%clk 00:09:52]} {[%emt 00:00:21]}
49. g5 {[%clk 00:41:25]} {[%emt 00:00:11]} hxg5 {[%clk 00:09:15]} {[%emt
00:00:41]} 50. hxg5 {[%clk 00:41:21]} {[%emt 00:00:10]} Kc6 {[%clk 00:08:59]}
{[%emt 00:00:21]} 51. f6 {[%clk 00:40:48]} {[%emt 00:00:58]} Kd7 {[%clk
00:08:33]} {[%emt 00:00:21]} 52. Kg2 {[%clk 00:40:43]} {[%emt 00:00:09]} 1-0

[Event "DVM U10 2023"]
[Site "Magdeburg GER"]
[Date "2023.12.29"]
[Round "6"]
[White "Datta, Satadru"]
[Black "Marx, Jakob"]
[Result "0-1"]
[Termination "normal"]
[Board "11.2"]
[WhiteElo "1134"]
[BlackElo "1459"]
[WhiteClock "00:17:35"]
[BlackClock "00:47:16"]
[WhiteTeam "USV Potsdam"]
[BlackTeam "Hamburger SK 1830"]
[PlyCount "44"]
[WhiteFideId "34637931"]
[BlackFideId "34642722"]
[EventCountry "GER"]
[EventRounds "7"]
[EventType "team-swiss"]
[EventDate "2023.12.27"]

1. e4 {[%clk 00:55:08]} {[%emt 00:00:02]} e5 {[%clk 00:55:07]} {[%emt
00:00:03]} 2. Nf3 {[%clk 00:55:06]} {[%emt 00:00:07]} Nc6 {[%clk 00:54:56]}
{[%emt 00:00:16]} 3. Bc4 {[%emt 00:00:51]} Bc5 {[%clk 00:54:25]} 4. c3 {[%clk
00:54:30]} {[%emt 00:00:30]} Nf6 {[%clk 00:54:21]} {[%emt 00:00:08]} 5. d4
{[%clk 00:53:37]} {[%emt 00:00:59]} exd4 {[%clk 00:54:19]} {[%emt 00:00:06]} 6.
cxd4 {[%clk 00:53:29]} {[%emt 00:00:13]} Bb4+ {[%clk 00:54:19]} {[%emt
00:00:05]} 7. Nc3 {[%clk 00:53:01]} {[%emt 00:00:34]} Nxe4 {[%clk 00:54:16]}
{[%emt 00:00:08]} 8. O-O {[%clk 00:52:40]} {[%emt 00:00:26]} Bxc3 {[%clk
00:54:09]} {[%emt 00:00:12]} 9. d5 {[%clk 00:52:05]} {[%emt 00:00:40]} Ne5
{[%clk 00:53:43]} {[%emt 00:00:30]} 10. Nxe5 {[%clk 00:49:20]} {[%emt
00:02:50]} Bxe5 {[%clk 00:53:39]} {[%emt 00:00:10]} 11. Re1 {[%clk 00:49:09]}
{[%emt 00:00:15]} Bxh2+ {[%clk 00:52:02]} {[%emt 00:01:43]} 12. Kxh2 {[%clk
00:47:40]} {[%emt 00:01:32]} Qh4+ {[%clk 00:51:56]} {[%emt 00:00:12]} 13. Kg1
{[%clk 00:47:22]} {[%emt 00:00:23]} Qxf2+ {[%clk 00:51:48]} {[%emt 00:00:13]}
14. Kh1 {[%clk 00:46:59]} {[%emt 00:00:26]} Qh4+ {[%clk 00:51:27]} {[%emt
00:00:29]} 15. Kg1 {[%clk 00:46:47]} {[%emt 00:00:16]} O-O {[%clk 00:51:21]}
{[%emt 00:00:11]} 16. Qe2 {[%clk 00:40:00]} {[%emt 00:06:48]} Nf6 {[%clk
00:50:47]} {[%emt 00:00:44]} 17. Bd2 {[%clk 00:34:51]} {[%emt 00:05:00]} d6
{[%clk 00:49:56]} {[%emt 00:01:09]} 18. Bc3 {[%clk 00:29:25]} {[%emt 00:05:26]}
Ng4 {[%clk 00:49:24]} {[%emt 00:00:42]} 19. Qf3 {[%clk 00:25:24]} {[%emt
00:03:51]} Bd7 {[%clk 00:48:10]} {[%emt 00:01:35]} 20. Bd3 {[%clk 00:21:49]}
{[%emt 00:03:35]} Rae8 {[%clk 00:47:54]} {[%emt 00:00:26]} 21. Bb4 {[%clk
00:18:24]} {[%emt 00:03:21]} Qh2+ {[%clk 00:47:53]} {[%emt 00:00:15]} 22. Kf1
{[%clk 00:17:35]} {[%emt 00:00:53]} Qh1# {[%clk 00:47:16]} {[%emt 00:00:37]}
0-1

[Event "DVM U10 2023"]
[Site "Magdeburg GER"]
[Date "2023.12.29"]
[Round "6"]
[White "Winklmann, Alexander"]
[Black "Golnik, Rasmus"]
[Result "1/2-1/2"]
[Termination "normal"]
[Board "11.3"]
[WhiteElo "917"]
[BlackElo "1006"]
[WhiteClock "00:09:22"]
[BlackClock "00:28:05"]
[WhiteTeam "Hamburger SK 1830"]
[BlackTeam "USV Potsdam"]
[PlyCount "94"]
[EventCountry "GER"]
[EventRounds "7"]
[EventType "team-swiss"]
[EventDate "2023.12.27"]

1. e4 {[%clk 00:55:09]} {[%emt 00:00:01]} e5 {[%clk 00:55:06]} {[%emt
00:00:04]} 2. Nf3 {[%clk 00:55:08]} {[%emt 00:00:06]} Nc6 {[%clk 00:55:03]}
{[%emt 00:00:08]} 3. Bc4 {[%clk 00:55:03]} {[%emt 00:00:10]} Nf6 {[%clk
00:54:57]} {[%emt 00:00:11]} 4. Ng5 {[%clk 00:54:45]} {[%emt 00:00:22]} d5
{[%clk 00:54:49]} {[%emt 00:00:14]} 5. exd5 {[%clk 00:54:30]} {[%emt 00:00:21]}
Nxd5 {[%clk 00:54:26]} {[%emt 00:00:28]} 6. Nxf7 {[%clk 00:52:09]} {[%emt
00:02:26]} Kxf7 {[%clk 00:54:07]} {[%emt 00:00:23]} 7. Qf3+ {[%clk 00:52:00]}
{[%emt 00:00:14]} Ke8 {[%clk 00:53:33]} {[%emt 00:00:40]} 8. Bxd5 {[%clk
00:51:45]} {[%emt 00:00:19]} Qd7 {[%clk 00:51:32]} {[%emt 00:02:07]} 9. O-O
{[%clk 00:49:51]} {[%emt 00:01:57]} Nd4 {[%clk 00:50:38]} {[%emt 00:01:00]} 10.
Qe4 {[%clk 00:45:18]} {[%emt 00:04:38]} Nxc2 {[%clk 00:50:31]} {[%emt
00:00:12]} 11. Qxc2 {[%clk 00:44:12]} {[%emt 00:01:11]} Qxd5 {[%clk 00:50:08]}
{[%emt 00:00:27]} 12. Nc3 {[%clk 00:41:44]} {[%emt 00:02:33]} Qc6 {[%clk
00:49:14]} {[%emt 00:01:00]} 13. Qe4 {[%clk 00:40:23]} {[%emt 00:01:26]} Qxe4
{[%clk 00:48:45]} {[%emt 00:00:34]} 14. Nxe4 {[%clk 00:40:15]} {[%emt
00:00:13]} Bf5 {[%clk 00:48:41]} {[%emt 00:00:09]} 15. f3 {[%clk 00:39:22]}
{[%emt 00:00:57]} Bd6 {[%clk 00:48:10]} {[%emt 00:00:37]} 16. Re1 {[%clk
00:38:16]} {[%emt 00:01:09]} Kf7 {[%clk 00:47:32]} {[%emt 00:00:45]} 17. d4
{[%clk 00:36:50]} {[%emt 00:01:31]} Bxe4 {[%clk 00:46:23]} {[%emt 00:01:14]}
18. Rxe4 {[%clk 00:35:54]} {[%emt 00:01:01]} exd4 {[%clk 00:46:20]} {[%emt
00:00:09]} 19. Bf4 {[%clk 00:33:40]} {[%emt 00:02:16]} Bxf4 {[%clk 00:44:18]}
{[%emt 00:02:08]} 20. Rxf4+ {[%clk 00:33:12]} {[%emt 00:00:33]} Kg6 {[%clk
00:43:35]} {[%emt 00:00:48]} 21. Rxd4 {[%clk 00:32:54]} {[%emt 00:00:23]} Rhd8
{[%clk 00:43:05]} {[%emt 00:00:35]} 22. Rad1 {[%clk 00:32:30]} {[%emt
00:00:30]} Rxd4 {[%clk 00:42:34]} {[%emt 00:00:37]} 23. Rxd4 {[%clk 00:32:27]}
{[%emt 00:00:07]} Rc8 {[%clk 00:41:57]} {[%emt 00:00:42]} 24. Rd7 {[%clk
00:31:33]} {[%emt 00:00:58]} b6 {[%clk 00:41:45]} {[%emt 00:00:17]} 25. Kf2
{[%clk 00:30:00]} {[%emt 00:01:38]} Kf6 {[%clk 00:41:26]} {[%emt 00:00:25]} 26.
g4 {[%clk 00:29:17]} {[%emt 00:00:48]} h6 {[%clk 00:40:51]} {[%emt 00:00:40]}
27. Kg3 {[%clk 00:26:43]} {[%emt 00:02:38]} g5 {[%clk 00:40:06]} {[%emt
00:00:49]} 28. h4 {[%clk 00:25:51]} {[%emt 00:00:58]} a5 {[%clk 00:37:42]}
{[%emt 00:02:31]} 29. hxg5+ {[%clk 00:24:12]} {[%emt 00:01:43]} hxg5 {[%clk
00:37:07]} {[%emt 00:00:40]} 30. f4 {[%clk 00:21:27]} {[%emt 00:02:50]} gxf4+
{[%clk 00:36:54]} {[%emt 00:00:19]} 31. Kxf4 {[%clk 00:21:22]} {[%emt
00:00:09]} b5 {[%clk 00:35:59]} {[%emt 00:01:00]} 32. Rd5 {[%clk 00:21:05]}
{[%emt 00:00:22]} c6 {[%clk 00:35:50]} {[%emt 00:00:14]} 33. g5+ {[%clk
00:19:20]} {[%emt 00:01:50]} Kg6 {[%clk 00:35:09]} {[%emt 00:00:46]} 34. Rd6+
{[%clk 00:18:44]} {[%emt 00:00:40]} Kg7 {[%clk 00:34:28]} {[%emt 00:00:48]} 35.
Rf6 {[%clk 00:17:30]} {[%emt 00:01:18]} c5 {[%clk 00:33:26]} {[%emt 00:01:07]}
36. Kf5 {[%clk 00:16:58]} {[%emt 00:00:37]} Rf8 {[%clk 00:32:38]} {[%emt
00:00:53]} 37. Ke5 {[%clk 00:14:43]} {[%emt 00:02:20]} Rxf6 {[%clk 00:31:56]}
{[%emt 00:00:47]} 38. gxf6+ {[%clk 00:14:34]} {[%emt 00:00:13]} Kf7 {[%clk
00:31:45]} {[%emt 00:00:16]} 39. Kd5 {[%clk 00:13:54]} {[%emt 00:00:45]} c4
{[%clk 00:29:55]} {[%emt 00:01:56]} 40. Kd4 {[%clk 00:13:32]} {[%emt 00:00:27]}
Kxf6 {[%clk 00:29:48]} {[%emt 00:00:13]} 41. a4 {[%clk 00:13:06]} {[%emt
00:00:31]} bxa4 {[%clk 00:28:54]} {[%emt 00:00:59]} 42. Kxc4 {[%clk 00:13:02]}
{[%emt 00:00:08]} Ke6 {[%clk 00:28:31]} {[%emt 00:00:28]} 43. Kb5 {[%clk
00:12:47]} {[%emt 00:00:20]} a3 {[%clk 00:28:20]} {[%emt 00:00:16]} 44. bxa3
{[%clk 00:12:13]} {[%emt 00:00:40]} a4 {[%clk 00:28:14]} {[%emt 00:00:11]} 45.
Kxa4 {[%clk 00:11:11]} {[%emt 00:01:06]} Kd7 {[%clk 00:28:11]} {[%emt
00:00:08]} 46. Kb5 {[%clk 00:09:46]} {[%emt 00:01:30]} Kc7 {[%clk 00:28:06]}
{[%emt 00:00:10]} 47. a4 {[%clk 00:09:22]} {[%emt 00:00:29]} Kb7 {[%clk
00:28:05]} {[%emt 00:00:06]} 1/2-1/2

[Event "DVM U10 2023"]
[Site "Magdeburg GER"]
[Date "2023.12.29"]
[Round "6"]
[White "Noll, Raphael"]
[Black "Brückner, Julian"]
[Result "0-1"]
[Termination "normal"]
[Board "12.1"]
[WhiteElo "1387"]
[BlackElo "1592"]
[WhiteClock "00:01:14"]
[BlackClock "00:04:44"]
[WhiteTeam "SK Marburg 1931/72"]
[BlackTeam "SV Roter Turm Halle"]
[PlyCount "140"]
[WhiteFideId "34653228"]
[BlackFideId "34630031"]
[EventCountry "GER"]
[EventRounds "7"]
[EventType "team-swiss"]
[EventDate "2023.12.27"]

1. e4 {[%clk 00:55:09]} c5 {[%clk 00:54:59]} {[%emt 00:00:12]} 2. Nf3 {[%clk
00:54:28]} {[%emt 00:00:46]} Nc6 {[%clk 00:54:38]} {[%emt 00:00:26]} 3. c3
{[%clk 00:53:11]} {[%emt 00:01:21]} e6 {[%clk 00:52:45]} {[%emt 00:01:58]} 4.
d4 {[%clk 00:50:37]} {[%emt 00:02:39]} cxd4 {[%clk 00:50:50]} {[%emt 00:02:01]}
5. cxd4 {[%clk 00:49:00]} {[%emt 00:01:41]} d5 {[%clk 00:49:35]} {[%emt
00:01:20]} 6. e5 {[%clk 00:47:15]} {[%emt 00:01:50]} Bd7 {[%clk 00:49:01]}
{[%emt 00:00:40]} 7. Be2 {[%clk 00:45:20]} {[%emt 00:02:00]} Nge7 {[%clk
00:47:46]} {[%emt 00:01:20]} 8. Bg5 {[%clk 00:42:23]} {[%emt 00:03:01]} Qb6
{[%clk 00:45:38]} {[%emt 00:02:14]} 9. Bxe7 {[%clk 00:39:38]} {[%emt 00:02:50]}
Bxe7 {[%clk 00:45:24]} {[%emt 00:00:19]} 10. Qb3 {[%clk 00:38:17]} {[%emt
00:01:25]} Nxd4 {[%clk 00:37:45]} {[%emt 00:07:43]} 11. Nxd4 {[%clk 00:36:11]}
{[%emt 00:02:12]} Qxd4 {[%clk 00:37:11]} {[%emt 00:00:39]} 12. Qxb7 {[%clk
00:35:44]} {[%emt 00:00:33]} Qb4+ {[%clk 00:37:05]} {[%emt 00:00:11]} 13. Qxb4
{[%clk 00:34:53]} {[%emt 00:00:55]} Bxb4+ {[%clk 00:36:59]} {[%emt 00:00:12]}
14. Nd2 {[%clk 00:34:21]} {[%emt 00:00:38]} Rc8 {[%clk 00:36:05]} {[%emt
00:00:59]} 15. a3 {[%clk 00:33:39]} {[%emt 00:00:47]} Ba5 {[%clk 00:34:29]}
{[%emt 00:01:40]} 16. b4 {[%clk 00:30:45]} {[%emt 00:02:58]} Bb6 {[%clk
00:33:45]} {[%emt 00:00:49]} 17. O-O {[%clk 00:29:38]} {[%emt 00:01:14]} Rc2
{[%clk 00:29:39]} {[%emt 00:04:11]} 18. Rfd1 {[%clk 00:28:33]} {[%emt
00:01:08]} O-O {[%clk 00:28:26]} {[%emt 00:01:19]} 19. Bd3 {[%clk 00:25:28]}
{[%emt 00:03:10]} Rc3 {[%clk 00:26:17]} {[%emt 00:02:13]} 20. Nf3 {[%clk
00:24:07]} {[%emt 00:01:28]} Ba4 {[%clk 00:25:26]} {[%emt 00:00:56]} 21. Rd2
{[%emt 00:02:24]} Rfc8 {[%clk 00:24:39]} 22. g3 {[%clk 00:20:41]} {[%emt
00:02:03]} Bc2 {[%clk 00:21:20]} {[%emt 00:03:25]} 23. Ba6 {[%clk 00:18:24]}
{[%emt 00:02:22]} R8c7 {[%clk 00:20:19]} {[%emt 00:01:05]} 24. Nd4 {[%clk
00:16:56]} {[%emt 00:01:32]} Bxd4 {[%clk 00:19:27]} {[%emt 00:00:59]} 25. Rxd4
{[%clk 00:16:28]} {[%emt 00:00:32]} Be4 {[%clk 00:18:46]} {[%emt 00:00:45]} 26.
h4 {[%clk 00:15:03]} {[%emt 00:01:32]} Rc1+ {[%clk 00:17:49]} {[%emt 00:01:01]}
27. Rxc1 {[%clk 00:14:45]} {[%emt 00:00:23]} Rxc1+ {[%clk 00:17:45]} {[%emt
00:00:09]} 28. Bf1 {[%clk 00:14:28]} {[%emt 00:00:22]} Bf3 {[%clk 00:17:01]}
{[%emt 00:00:48]} 29. Rd2 {[%clk 00:13:12]} {[%emt 00:01:22]} g6 {[%clk
00:15:02]} {[%emt 00:02:04]} 30. a4 {[%clk 00:12:47]} {[%emt 00:00:31]} d4
{[%clk 00:13:45]} {[%emt 00:01:21]} 31. a5 {[%clk 00:09:09]} {[%emt 00:03:44]}
d3 {[%clk 00:12:51]} {[%emt 00:00:59]} 32. Rxd3 {[%clk 00:07:54]} {[%emt
00:01:19]} Be2 {[%clk 00:12:42]} {[%emt 00:00:14]} 33. Rd8+ {[%clk 00:07:06]}
{[%emt 00:00:53]} Kg7 {[%clk 00:12:19]} {[%emt 00:00:28]} 34. Rd7 {[%clk
00:06:32]} {[%emt 00:00:40]} a6 {[%clk 00:12:11]} {[%emt 00:00:12]} 35. g4
{[%clk 00:05:53]} {[%emt 00:00:42]} Rxf1+ {[%clk 00:11:38]} {[%emt 00:00:39]}
36. Kg2 {[%clk 00:05:36]} {[%emt 00:00:21]} Rb1 {[%clk 00:11:15]} {[%emt
00:00:29]} 37. g5 {[%clk 00:03:42]} {[%emt 00:02:00]} Rxb4 {[%clk 00:10:56]}
{[%emt 00:00:24]} 38. Rd2 {[%clk 00:03:10]} {[%emt 00:00:35]} Bb5 {[%clk
00:10:25]} {[%emt 00:00:38]} 39. Ra2 {[%clk 00:02:32]} {[%emt 00:00:43]} Rxh4
{[%clk 00:10:11]} {[%emt 00:00:18]} 40. Kg3 {[%clk 00:02:32]} {[%emt 00:00:07]}
Re4 {[%clk 00:09:41]} {[%emt 00:00:33]} 41. f4 {[%clk 00:02:27]} {[%emt
00:00:11]} Bc6 {[%clk 00:08:57]} {[%emt 00:00:48]} 42. Rc2 {[%clk 00:02:07]}
{[%emt 00:00:24]} Re3+ {[%clk 00:08:44]} {[%emt 00:00:21]} 43. Kf2 {[%clk
00:01:51]} {[%emt 00:00:18]} Rf3+ {[%clk 00:08:42]} {[%emt 00:00:09]} 44. Ke2
{[%clk 00:01:45]} {[%emt 00:00:11]} Bd5 {[%clk 00:08:33]} {[%emt 00:00:15]} 45.
Rc5 {[%clk 00:01:45]} {[%emt 00:00:05]} Rxf4 {[%clk 00:08:18]} {[%emt
00:00:20]} 46. Ke3 {[%clk 00:01:45]} {[%emt 00:00:03]} Re4+ {[%clk 00:08:09]}
{[%emt 00:00:15]} 47. Kd3 {[%clk 00:01:41]} {[%emt 00:00:09]} Rxe5 {[%clk
00:08:02]} {[%emt 00:00:12]} 48. Kd4 {[%clk 00:01:34]} {[%emt 00:00:13]} Rxg5
{[%clk 00:07:26]} {[%emt 00:00:40]} 49. Ke3 {[%clk 00:01:34]} {[%emt 00:00:06]}
h5 {[%clk 00:07:15]} {[%emt 00:00:15]} 50. Rc1 {[%clk 00:01:33]} {[%emt
00:00:04]} h4 {[%clk 00:07:10]} {[%emt 00:00:12]} 51. Rc2 {[%clk 00:01:28]}
{[%emt 00:00:10]} Rg2 {[%clk 00:06:34]} {[%emt 00:00:42]} 52. Rxg2 {[%clk
00:01:27]} {[%emt 00:00:06]} Bxg2 {[%clk 00:06:28]} {[%emt 00:00:11]} 53. Kf2
{[%clk 00:01:30]} {[%emt 00:00:01]} e5 {[%clk 00:06:15]} {[%emt 00:00:18]} 54.
Kxg2 {[%clk 00:01:25]} {[%emt 00:00:10]} e4 {[%clk 00:06:11]} {[%emt 00:00:09]}
55. Kf2 {[%clk 00:01:26]} {[%emt 00:00:04]} h3 {[%clk 00:06:05]} {[%emt
00:00:11]} 56. Kg3 {[%clk 00:01:30]} {[%emt 00:00:02]} e3 {[%clk 00:05:53]}
{[%emt 00:00:17]} 57. Kf3 {[%clk 00:01:31]} {[%emt 00:00:04]} h2 {[%clk
00:05:49]} {[%emt 00:00:09]} 58. Kxe3 {[%clk 00:01:34]} {[%emt 00:00:01]} h1=Q
{[%clk 00:05:39]} {[%emt 00:00:15]} 59. Kd4 {[%clk 00:01:37]} {[%emt 00:00:03]}
Qc6 {[%clk 00:05:38]} {[%emt 00:00:06]} 60. Ke3 {[%clk 00:01:34]} {[%emt
00:00:08]} Kf6 {[%clk 00:05:38]} {[%emt 00:00:05]} 61. Kd4 {[%clk 00:01:36]}
{[%emt 00:00:03]} Kf5 {[%clk 00:05:03]} {[%emt 00:00:40]} 62. Kd3 {[%clk
00:01:34]} {[%emt 00:00:06]} Ke5 {[%clk 00:04:54]} {[%emt 00:00:13]} 63. Ke3
{[%clk 00:01:34]} {[%emt 00:00:06]} Qc3+ {[%clk 00:04:51]} {[%emt 00:00:08]}
64. Kf2 {[%clk 00:01:34]} {[%emt 00:00:04]} Kf4 {[%clk 00:04:54]} {[%emt
00:00:02]} 65. Kg2 {[%clk 00:01:35]} {[%emt 00:00:05]} Qd2+ {[%clk 00:04:48]}
{[%emt 00:00:12]} 66. Kh3 {[%clk 00:01:25]} {[%emt 00:00:15]} Qe3+ {[%clk
00:04:50]} {[%emt 00:00:03]} 67. Kg2 {[%clk 00:01:18]} {[%emt 00:00:11]} Qf3+
{[%clk 00:04:47]} {[%emt 00:00:09]} 68. Kh2 {[%clk 00:01:12]} {[%emt 00:00:10]}
Qg4 {[%clk 00:04:41]} {[%emt 00:00:11]} 69. Kh1 {[%clk 00:01:13]} {[%emt
00:00:05]} Kf3 {[%clk 00:04:44]} {[%emt 00:00:02]} 70. Kh2 {[%clk 00:01:14]}
{[%emt 00:00:03]} Qg2+ {[%emt 00:00:14]} 0-1